000
00290nam a22001217a 4500
008
160520b xxu||||| |||| 00| 0 eng d
020
_a
9780073520865
020
_a
9780073520865
041
_a
eng
080
_a
615
245
_a
Pharmacology:
_c
Henry Hitner; Barbara Nagle;
942
_2
udc
_c
BK
999
_c
2321
_d
2321